000 00574nam a22001937a 4500
003 URS
005 20250424184346.0
008 250424b |||||||| |||| 00| 0 eng d
020 _a9786210450163
040 _cURS
050 _aFIL LB 1028.3 .B188 2023
100 _4author
_aBallado, Ronato S.
245 _aTechnology for teaching and learning 1 /
_cRonato S. Ballado.
260 _aManila, Philippines :
_bRex Book Store,
_c2023
300 _ax, 292 p ; 20 cm
504 _aIncludes bibliographical references.
650 _aEducational technology.
942 _2lcc
_cF
999 _c82656
_d82655